000
00312pam a2200133 a 4500
020
_c
041
_h
082
_a
519.5
_b
CHI
100
_a
CHITALE, RANJEET.
245
_a
STATISTICAL AND QUANTITATIVE METHODS
_h
Textual Documents
260
_a
PUNE
_b
NIRALI PRAKAHAN
_c
2004
300
_a
15.38
930
_a
13479
999
_c
132905
_d
132905